La sociedad numismática de Monterrey : historia de diez años /

Obra que reconoce el décimo aniversario de la Sociedad Numismática de Monterrey, fundada en 1970, en el que se valora el coleccionismo de monedas antiguas y conmemorativas como una manera de entender la historia de una ciudad o región, así como las características económico-sociales de los pueblos....

詳細記述

保存先:
書誌詳細
第一著者: Tapia Méndez, Aureliano (autor)
フォーマット: 図書
言語:スペイン語
出版事項: Monterrey, México : México : Ediciones Al Voleo ; Jus, 1980, c1980
主題:
タグ: タグ追加
タグなし, このレコードへの初めてのタグを付けませんか!

MARC

LEADER 00000nam^a2200000^a^4500
001 000451604
005 20250521000000.0
009 20260310123816.094
037 |a Acervo ITESO - Biblioteca 
041 |a ESP 
082 |a 737. 4972132  |b TAP 
100 |a Tapia Méndez, Aureliano  |e (autor) 
245 1 3 |a La sociedad numismática de Monterrey :  |b historia de diez años /  |c A. Tapia Méndez. 
264 4 |a Monterrey, México :  |b Ediciones Al Voleo ;  |a México :  |b Jus,  |c 1980, c1980 
300 |a 99 p. 
336 |a texto  |b txt  |2 rdacontenido 
337 |a sin mediación  |b n  |2 rdamedio 
338 |a volumen  |b nc  |2 rdasoporte 
520 |a Obra que reconoce el décimo aniversario de la Sociedad Numismática de Monterrey, fundada en 1970, en el que se valora el coleccionismo de monedas antiguas y conmemorativas como una manera de entender la historia de una ciudad o región, así como las características económico-sociales de los pueblos. Además de mencionar a los miembros y describir las actividades que han realizado, se hace una descripción detallada de una serie de medallas acuñadas por la Sociedad, con autorización de la Secretaría de Hacienda y Crédito Público, que tienen como figurantes a nuevoleoneses distinguidos, tales como Alfonso Reyes, Mariano Escobedo, José Eleuterio González o Eugenio Garza Sada. 
649 |a XX 
650 |a Monedas -  |z Nuevo León -  |x Historia 
650 |a Numismática -  |z Monterrey, Nuevo León -  |x Tema Principal 
650 |a Monterrey, Nuevo León -  |x Historia 
650 |a Nuevo León -  |x Historia 
650 |a Reyes, Alfonso 
650 |a Escobedo, Mariano 
650 |a González, José Eleuterio 
650 |a Garza Sada, Eugenio 
910 |a Fondo Efraín González Morfín 
920 |a Impresos - Libros 
930 |a Fondos Especiales 
905 |a 130 
901 |a 0500383588  |b IT2  |c ESL  |i D91066  |u 20250521 
902 |a https://opac.biblio.iteso.mx/vufind/Record/000451604